Stati con più Grattacieli - Statistics

Statistiche generali
  • Questo quiz è stato fatto 26 volte
  • Il punteggio medio è 12 su 15
Statistiche sulle risposte
Numero grattacieli Continente Nazione % Corretto
144 America del Nord Canada
100%
3 152 Asia Cina
100%
890 America del Nord Stati Uniti
100%
278 Asia Giappone
95%
116 Asia India
95%
154 Oceania Australia
86%
276 Asia Corea del Sud
86%
135 Asia Indonesia
86%
130 Asia Thailandia
82%
335 Asia Emirati Arabi Uniti
77%
291 Asia Malaysia
68%
97 Asia Singapore
64%
67 America del Nord Panama
59%
128 Asia Filippine
45%
74 Asia Turchia
36%
Nessun quiz corrispondente trovato
Distribuzione punteggi
Percentuale di utenti per punteggio
Percentile per numero di risposta
I tuoi punteggi nel tempo
Non hai fatto questo quiz